000 00706nam a2200205 i 4500
001 86163
003 ES-MaACL
005 20230906175404.0
007 t|
008 041209s1957 sp ||||1| spa d
100 1 _aKalk, Heinz.
_967453
245 1 0 _aManual de laparoscopia y gastroscopia /
_cHeinz Kalk, W. Brühl ; con la colaboración de W. Burgmann ; [traducción directa del alemán por J. Bartolomé Iraeta].
250 _a[1ª ed. española].
260 _aMadrid :
_bAlhambra,
_c[1957] (
_fBlass)
300 _a173 p. :
_bil. ;
_c24 cm.
700 1 _aBartolomé Iraeta, Jesús.
_926170
700 1 _aBurgmann, W.
_932640
700 1 _aBrühl, W.
_932111
852 _aES-MaACL
_jC-13245
_bR.40840
999 _c86163
_d86163